Truyện ngắn xuất sắc về chiến tranh; T2

Na minha lista:
Detalhes bibliográficos
Formato: Livro
Idioma:Undetermined
Publicado em: H. Hội Nhà Văn 2002
Assuntos:
Tags: Adicionar Tag
Sem tags, seja o primeiro a adicionar uma tag!
Thư viện lưu trữ: Trung tâm Học liệu Trường Đại học Cần Thơ
LEADER 00520nam a2200169Ia 4500
001 CTU_54256
008 210402s9999 xx 000 0 und d
020 |b 59000 
082 |a 895.9223081 
082 |b Tr527/T2 
245 0 |a Truyện ngắn xuất sắc về chiến tranh; T2 
260 |a H. 
260 |b Hội Nhà Văn 
260 |c 2002 
650 |a short stories, vienamese,war stories, vietnamese 
650 |x collections,collections 
980 |a Trung tâm Học liệu Trường Đại học Cần Thơ